000 00525nam a2200193Ia 4500
008 230125s9999 xx 000 0 und d
020 _a81-7656-062-6
041 _aeng
082 _a005.133
_bLEE
100 _aLee M
_9111531
245 _aMCSD Visual Basic 6 distributed applications study guide
260 _c1999
_bBPB publication
_aNew Delhi
300 _a719p
500 _aVisual Basic
650 _aComputer Management
700 _aLee M & Christensen C
_9111532
906 _b72
999 _c88453
_d88453